000 00430nam a22001817a 4500
003 330010
005 20260414100047.0
008 260414b sa ||||| |||| 00| 0 eng d
020 _a9781848103559
_qpbk
040 _c3228
041 _2E
082 0 _a909 HIST
245 _aHistory Timelines
250 _a1st Ed.
260 _aEssex
_bMiles Kelly Publishing Ltd
_c2005
300 _a511 pages
_c22 cm
942 _2ddc
_cBOOK
_w190
_xDudu Mondlane
_y190
_zDudu Mondlane
999 _c796436
_d796435